Desarrollo económico y social de la República Dominicana: 1990-2000 /
Este libro constituye una selección de análisis y reflexión acerca del desarrollo económico y social de la República Dominicana, difundido en conferencias, ponencias o estudios realizados a propósito del debate de fin de siglo en el país. La temática tratada sigue un hilo conductor alrededor de hech...
Guardat en:
| Autor principal: | |
|---|---|
| Format: | Llibre |
| Idioma: | Spanish |
| Publicat: |
Santo Domingo, República Dominicana:
Instituto Tecnológico de Santo Domingo,
2003
|
| Matèries: | |
| Etiquetes: |
Afegir etiqueta
Sense etiquetes, Sigues el primer a etiquetar aquest registre!
|
MARC
| LEADER | 00000nam a22000007a 4500 | ||
|---|---|---|---|
| 003 | cru CIDCACS/IIS | ||
| 005 | 20240110133718.0 | ||
| 008 | 240103b |||||||| |||| 00| 0 spa d | ||
| 020 | |a 9993425494 | ||
| 040 | |c cru CIDCACS/IIS | ||
| 090 | |a 02.01.01 B326d | ||
| 100 | 1 | |a Bastidas Castañeda, América |9 11811 |e Autora | |
| 245 | 1 | |a Desarrollo económico y social de la República Dominicana: |b 1990-2000 / |c América Bastidas Castañeda | |
| 260 | |a Santo Domingo, República Dominicana: |b Instituto Tecnológico de Santo Domingo, |c 2003 | ||
| 300 | |a 448 páginas : |b tablas, gráficos | ||
| 520 | 3 | |a Este libro constituye una selección de análisis y reflexión acerca del desarrollo económico y social de la República Dominicana, difundido en conferencias, ponencias o estudios realizados a propósito del debate de fin de siglo en el país. La temática tratada sigue un hilo conductor alrededor de hechos y procesos económicos, políticos y sociales fundamentales que preocuparon a la sociedad dominicana durante ese periodo. La recopilación de trabajos consta de cinco partes: Reformas Económicas y Desarrollo Económico Sustentable; Pobreza y Políticas Sociales; Modernización del Estado; Globalización y Desarrollo. Cada una de estas secciones contiene a su vez diferentes trabajos referidos a cada temática. | |
| 650 | 0 | 0 | |a DESARROLLO ECONOMICO Y SOCIAL |9 71 |
| 650 | 0 | 0 | |a ESTILOS DE DESARROLLO |9 7466 |
| 650 | 0 | 0 | |a REFORMA ECONOMICA |9 390 |
| 650 | 0 | 0 | |a DESARROLLO SOSTENIBLE |9 2049 |
| 650 | 0 | 0 | |a CRECIMIENTO ECONOMICO |9 639 |
| 650 | 0 | 0 | |a GESTION AMBIENTAL |9 4483 |
| 650 | 0 | 4 | |a AJUSTE ESTRUCTURAL |9 4425 |
| 650 | 0 | 0 | |a POLITICA DE AJUSTE |9 3680 |
| 650 | 0 | 4 | |a POLITICA ECONOMICA |9 2655 |
| 650 | 0 | 0 | |a LIBERALIZACION ECONOMICA |9 286 |
| 651 | 0 | |a REPUBLICA DOMINICANA |9 309 | |
| 942 | |2 ddc |c LI | ||
| 999 | |c 45423 |d 45423 | ||



